MDQL
is popping MORE tags! Check the
thread
!
Quizzes
Events
Quiz Creation
Community
Videos
Private Events
Remove Ads
Sign In
Join for FREE
Feedback
Dark Mode
Quiz Categories
Sports
Geography
Music
Movies
Television
Just For Fun
Miscellaneous
History
Literature
Language
Science
Gaming
Entertainment
Religion
Holiday
For Kids
Quiz Lab
Recent
Popular Today
Quiz Kudos Today
Editor Picks
Curator Picks
Quizzes by...
Day
Popularity
Type
Ratings
Length
Year
Community
Subscriptions
Recent Discussions
Orange Saloon
Badges
Playlists
Quests
Create
Leaderboards
Showdown
Live 5
Trivia Bingo
Activity
Puzzle Library
Sporcle Events
Private Events
Virtual Trivia
Globe League
Become a Host
Pub Owners
SporcleCon
Opinionation
Our Games
Videos
Blog
Mobile Apps
Partnerships
Remove Ads and Go Orange
Feedback
Sports
Athletes
MLB
NBA
NHL
NFL
Soccer
Sports Teams
WWE
NCAA
Football
Premier League
Basketball
Baseball
Hockey
Golf
Tennis
Cricket
Rugby
Auto Racing
Olympics
World Cup
Sports
Athletes
MLB
NBA
NHL
NFL
Soccer
Sports Teams
WWE
NCAA
Football
Premier League
Basketball
Baseball
Hockey
Golf
Tennis
Cricket
Rugby
Auto Racing
Olympics
World Cup
Random Quiz
Search Sporcle
×
Quiz Lab
Quiz Lab
Sports
Soccer
Type in answers that appear in a list
Type in answers that appear in a list
Classic
Best Score? Go Orange.
FC Girondins Bordeaux XIs from 2010-11 to 2019-20 Stats
Can you name the FC Girondins Bordeaux XIs from 2010-11 to 2019-20?
By
Ligue_Huns
13m
120 Questions
1,480 Plays
1,480 Plays
1,480 Plays
Comments
Comments
Give Quiz Kudos
Give Quiz Kudos
-
- Ratings
hide this ad
Replay
Link that replays current quiz
Next Quiz
Link to next quiz in quiz playlist
You Got
0%
They Got
Avg Score
56%
Avg Friend Score
Upgrade to see
Score Distribution
Jump to the score distribution portion of the page
Score
0/120
Timer
13:00
0
Plays Today
% Correct
Cédric Carrasso
96.1%
Cédric Carrasso
96%
Cédric Carrasso
96%
Cédric Carrasso
96%
Cédric Carrasso
96%
Cédric Carrasso
96%
Cédric Carrasso
96%
Benoît Costil
93.7%
Benoît Costil
93.2%
Benoît Costil
92.4%
Jaroslav Plasil
86.5%
Jaroslav Plasil
86.5%
Jaroslav Plasil
86.5%
Jaroslav Plasil
86.5%
Jaroslav Plasil
86.2%
Jaroslav Plasil
85.8%
Marc Planus
85.5%
Marc Planus
85.5%
Benoît Trémoulinas
84.9%
Benoît Trémoulinas
84.9%
Benoît Trémoulinas
84.9%
Cheikh Diabaté
82.3%
Cheikh Diabaté
82.3%
Cheikh Diabaté
82.2%
Cheikh Diabaté
81.8%
Malcom
78.8%
Malcom
78.2%
Mathieu Chalmé
77.8%
Alou Diarra
76.3%
Laurent Koscielny
74.6%
Geraldo Wendel
74.5%
Pablo
71.5%
Pablo
70.9%
Nicola De Préville
70.5%
François Kamano
69.8%
Jimmy Briand
69.7%
Fernando Menegazzo
69.3%
Nicola De Préville
69.2%
Maxime Poundjé
69%
Yoann Gouffran
68.6%
% Correct
Yoann Gouffran
68.6%
Youssouf Sabaly
68%
Diego Rolan
67.9%
François Kamano
67.7%
Michaël Ciani
67.5%
Ludovic Sané
67.5%
Michaël Ciani
67.5%
Ludovic Sané
67.5%
Ludovic Sané
67.5%
Ludovic Sané
67.5%
Ludovic Sané
67.5%
Jules Koundé
67.3%
Youssouf Sabaly
67.2%
Diego Rolan
67.1%
Maxime Poundjé
67%
Jimmy Briand
66.7%
Diego Rolan
66%
Youssouf Sabaly
65.9%
Pablo
65.7%
Youssouf Sabaly
65.3%
Francis Gillot
64.8%
Francis Gillot
64.8%
Francis Gillot
64.8%
Jérémy Toulalan
63.4%
Jocelyn Gourvennec
63.1%
Mariano
62.8%
Mariano
62.8%
Mariano
62.8%
Willy Sagnol
61.5%
Diego Contento
61.2%
Otavio
60.9%
Henrique
60.6%
Henrique
60.6%
Henrique
60.6%
Willy Sagnol
60.5%
Diego Contento
60.4%
Jocelyn Gourvennec
60.4%
Otavio
59.3%
Diego Contento
59.2%
Jérémy Toulalan
59.1%
% Correct
Younousse Sankharé
58.1%
Nicolas Maurice-Belay
57.9%
Nicolas Maurice-Belay
57.9%
Nicolas Maurice-Belay
57.9%
Younousse Sankharé
57.8%
Henri Saivet
57.3%
Henri Saivet
57.3%
Jean Tigana
56.8%
Samuel Kalu
56.8%
Hwang Ui-Jo
56.8%
Henri Saivet
56.8%
Grégory Sertic
56.4%
Grégory Sertic
56.4%
Samuel Kalu
56.4%
Nicolas Pallois
56.4%
Nicolas Pallois
56.2%
Paulo Sousa
54.8%
Younousse Sankharé
54.7%
Nicolas Pallois
54.5%
Aurélien Tchouaméni
54.3%
Valentin Vada
52.5%
Ludovic Obraniak
50.6%
Ludovic Obraniak
50.6%
Anthony Modeste
50.4%
Wahbi Khazri
50.4%
Wahbi Khazri
50%
Loris Benito
49.4%
Fahid Ben Khalfallah
45.7%
Lukas Lerager
45.3%
Eric Bédouet
41%
Landry N'Guémo
40.5%
Landry N'Guémo
40.5%
Igor Lewczuk
39.1%
Clément Chantôme
39%
Clément Chantôme
38%
Cédric Yambéré
38%
Lucas Orban
36.3%
Frédéric Guilbert
34.7%
Sergi Palencia
32.7%
Souahilo Meïté
27.8%
Quiz Playlist
Details
Report
Send in Message
Add To Playlist
Classic:
Type in answers that appear in a list
Last Updated: Aug 29, 2020
Quiz Scoreboard
CHALLENGE
Sign Up to Join the Scoreboard
Show All
Scores
Hide
Comments
May contain spoilers
Recently Published
Image Sorting: Flags VI
by Barbecue
Geography
2m
Find the 'City' Movie
by crazypaving
Movies
60s
Colored Red Africa Blitz
by spor1
Geography
45s
More to Explore
Quiz From the Vault
Featured Blog Post
14 Easter Pick-up Lines to Find Eggs With
hide this ad
You Might Also Like...
Tags
Soccer Quiz
Bordeaux
Ligue 1
Squad
XIs
Today's Top Quizzes in Sports
Browse Sports
hide this ad
Today's Top Quizzes in Soccer
Browse Soccer
Top Contributed Quizzes in Sports
1
Les meilleurs buteurs des matchs entre le PSG et l’OM
2
Les entraîneurs de l'OM et du PSG au 21e siècle
3
2022 World Cup Stars
4
Les joueurs passés par le PSG et l'OM
5
Players with Multiple 50 Home Run Seasons
6
Criteria MLB: Left Handed Sluggers
7
FIFA Club World Cup Champions
8
Les joueurs passés par le LOSC et le RC Lens
9
NBA Logic Puzzle 2.0
10
Top 10 NHL Goal Scorers of All Time
Explore More
Trending Topics
Disney
Harry Potter
Anime
Marvel
Kpop
NBA
Crossword
Soccer
Song
The Office
WWE
Country
Pokémon
NFL
Puzzle
hide this ad
More By:
Ligue_Huns
Quiz
Plays
Rating
Category
Featured
Created
FC Barcelona XIs from 1998-99 to 2022-23
32,307
4.86
Sports
Jan 6, 2016
Liverpool FC XIs from 1998-99 to 2022-23
28,740
4.89
Sports
Feb 2, 2016
Real Madrid XIs from 1998-99 to 2022-23
27,335
4.42
Sports
Jan 6, 2016
Manchester United XIs from 1998-99 to 2022-23
23,638
4.83
Sports
Feb 2, 2016
Chelsea FC XIs from 1998-99 to 2022-23
21,488
5.00
Sports
Feb 2, 2016
Go to Creator's Profile
Score Distribution
Quiz Creator Spotlight
Ligue_Huns
Follow
Send a Message
Quizzes Created
-
Created Quiz Play Count
-
More By This Creator
Popular Quizzes Today
1
Colored Red Africa Blitz
2
Find the US States - No Outlines Minefield
3
Find the 'City' Movie
4
5x2 Blitz: Bands
5
The Countries of the World
6
Find the Countries of Europe - No Outlines Minefield
7
Find the US States
8
US States
More Sports Quizzes
Competition Crossword: Premier League
Curator's Pick
Trending Quizzes
Colored Red Europe Blitz I
Colored Red Europe Blitz II
Colored Red Africa Blitz II
Colored Red Europe Blitz III
Colored Red Africa Blitz III
Recently Updated
How Do You Spell That?
pecheneg
Godzilla Movies
pecheneg
Grab Bag: 4-10 Letters
pecheneg
2024 March Madness Bracket
pecheneg
Famous TV Couples
Peacemaker
Champions League XIs: Real Madrid
pecheneg
Largest US Cities 1790-2010
pecheneg
Rides in Walt Disney World
pecheneg
Most Oscar Losses (Acting)
pecheneg
Beyoncé Albums
pecheneg
Trending Topics
Crossword
Kpop
Marvel
Disney
NBA
Harry Potter
Anime
Pokémon
Song
The Office
Puzzle
Country
NFL
WWE
Soccer
Your Account Isn't Verified!
In order to create a playlist on Sporcle, you need to verify the email address you used during registration. Go to your
Sporcle Settings
to finish the process.
Report this User
Report this user for behavior that violates our
Community Guidelines
.
Details:
Send Report
Go to the Sporcle.com Mobile Site →
Comments